Dr. Terlanday József: A mindenség problémája [recenzió]

Elmentve itt :
Bibliográfiai részletek
Szerző: Somogyi József
Adatforrás:Philobibl
Forrásdokumentuma:Athenaeum 1923/1-3
71-72. p.
Dokumentumtípus: Cikk
Nyelv:magyar
LEADER 00308nab a2200097 c 4500
001 bibDOK00012017
005 20200924120731.5
008 060518s1923 xx hun
100 1 |a Somogyi József 
245 1 0 |a Dr. Terlanday József: A mindenség problémája  |b [recenzió]  |c Somogyi József 
773 0 |t Athenaeum 1923/1-3  |g 71-72. p.